LIBRARY & INFORMATION CENTRE, KCAET, TAVANUR

ONLINE PUBLIC ACCESS CATALOGUE (OPAC)

Watershed management / (Record no. 10759)

MARC details
000 -LEADER
fixed length control field 00533cam a2200205ua 4500
041 ## - LANGUAGE CODE
Language code of text/sound track or separate title eng
082 ## - DEWEY DECIMAL CLASSIFICATION NUMBER
Classification number 551.492
Item number DHR/WA
100 ## - MAIN ENTRY--AUTHOR NAME
Personal name Dhruvanarayana, V.V.
245 ## - TITLE STATEMENT
Title Watershed management /
260 ## - PUBLICATION, DISTRIBUTION, ETC. (IMPRINT)
Place of publication New Delhi :
Name of publisher Indian Council for Agricultural Research ,
Year of publication 1990.
300 ## - PHYSICAL DESCRIPTION
Number of Pages 176 ; .
700 1# - ADDED ENTRY--PERSONAL NAME
Personal name Patnaik, U.S .
700 1# - ADDED ENTRY--PERSONAL NAME
Personal name Sastry, G .
942 ## - ADDED ENTRY ELEMENTS (KOHA)
Koha item type Books
Holdings
Withdrawn status Lost status Damaged status Home library Current library Date acquired Full call number Accession Number Koha item type
Withdrawn     KAUAET KAUAET 07/04/2012 551.492 DHR/WA 18666 Books
      KAUAET KAUAET 07/04/2012 551.492 DHR/WA 20492 Books
free website counter